[Event "Balatonalmadi Pannonia Cup 11th"]
[Site "Balatonalmadi"]
[Date "2006.08.02"]
[Round "1"]
[White "Malinik, Attila"]
[Black "Simon, Robert"]
[Result "1-0"]
[WhiteElo "2096"]
[BlackElo "1878"]
[PlyCount "51"]
[EventDate "2006.08.02"]
[EventType "swiss"]
[EventRounds "7"]
[EventCountry "HUN"]
[SourceTitle "EXT 2016"]
[Source "ChessBase"]
[SourceDate "2015.10.08"]
[SourceVersion "1"]
[SourceVersionDate "2015.10.08"]
[SourceQuality "1"]

1. d4 d5 2. c4 e6 3. Nc3 Nf6 4. Bg5 Nbd7 5. e3 Be7 6. Nf3 h6 7. Bf4 0-0 8. Qd2 b6 9. cxd5 exd5 10. Bd3 Re8 11. Nb5 Bd6 12. Nxd6 cxd6 13. Bxd6 Ne4 14. Bxe4 Rxe4 15. 0-0 Nf6 16. Be5 Ng4 17. Qc2 Nxe5 18. Nxe5 Qg5 19. Qc6 Rb8 20. Qxd5 Bb7 21. Qxf7+ Kh7 22. Nf3 Qb5 23. Ne5 Rxe5 24. dxe5 Qxe5 25. Qf4 Qd5 26. e4 1-0